000 00849nam a2200265Ia 4500
003 OSt
005 20220925221648.0
006 a|||||r|||| 00| 0
007 ta
008 220923b |||||||| |||| 00| 0 eng d
037 _cGeneral Book
040 _aRTL
_cRTL
_beng
041 _2eng
_aeng
082 _aX:77-60rX625, p1K5
100 _aWilliamson G. I.
_9245328
110 _aNATIONAL BANK OF EGYPT
_9245331
245 0 _aRole and practices of commercial banks and other i
260 _aLondon
_bMidland Bank Ltd.
_c1965
300 _a24p.
_ccm.
500 _aNational Bank of Egypt, Fiftieth anniversary commemoration lectures
650 _aEconomic Development
_917300
700 _aNATIONAL BANK OF EGYPT
_9245332
942 _hX:77-60rX625, p1K5
_cGB
_2CC
999 _c574999
_d574999